| 000 | 00525nam a22001931c 4500 | ||
|---|---|---|---|
| 001 | a987675210 | ||
| 008 | 151216s2015 gw a||| 000u rus d | ||
| 020 |
_a9785444802212 _9978-5-4448-0221-2 |
||
| 041 | _arus | ||
| 100 | 1 | _aBelovinskij, Leonid V. | |
| 245 | 0 | 0 | _aEnciklopedičeskij slovar' sovetskoj povsednevnoj žizni |
| 264 |
_aMoskva : _bNovoe literaturnoe obozrenie, _c2015 |
||
| 300 | _a775 S.: Ill. | ||
| 650 | 0 | _aAlltag | |
| 651 | 0 | _aSowjetunion | |
| 942 | _cMG | ||
| 040 | _cRU-10907106 | ||
| 003 | RU-10907106 | ||
| 999 |
_c24115 _d24115 |
||